Statistiques concernant 50 plus grands pays du quiz sur la carte du monde

Cliquez ici pour prendre le quiz!

Statistiques générales

  • Ce quiz a été pris 3 470 fois
  • Le résultat moyen est 40 sur 50

Réponses sur la Carte

Les réponses sont colorées sur une échelle allant du rouge au vert en fonction du pourcentage des utilisateurs qui les ont devinées à leur premier essai. Vous pouvez retrouver ces pourcentages ci-dessous.
Chargement ...
 

Statistiques - réponses

Answer% Correct
Russie
98%
Chine
95%
Etats-Unis
95%
Brésil
95%
Australie
95%
Inde
94%
Mexique
93%
Canada
93%
Algérie
92%
Argentine
92%
Afrique du Sud
91%
Indonésie
90%
France
90%
Chili
89%
Mongolie
89%
Madagascar
88%
Arabie Saoudite
88%
Égypte
87%
Turquie
85%
Ukraine
85%
Thaïlande
83%
Kazakhstan
83%
Libye
83%
Bolivie
82%
Yémen
81%
Pérou
81%
Venezuela
81%
R. D. du Congo
79%
Iran
78%
Colombie
77%
Pakistan
77%
Somalie
75%
Soudan
74%
Afghanistan
73%
Mauritanie
73%
République Centrafricaine
72%
Mali
72%
Éthiopie
69%
Mozambique
68%
Nigeria
67%
Soudan du Sud
67%
Tchad
67%
Angola
66%
Namibie
65%
Niger
65%
Kenya
64%
Birmanie
63%
Botswana
63%
Tanzanie
59%
Zambie
57%

Distribution des résultats

Percentile par nombre de réponses

% des personnes avec chaque résultat

Votre développement - résultats

Vous n’avez pas pris ce quiz